000
00279nam a2200109Ia 4500
008
200302s9999 xx 000 0 und d
100
_a
Lucy Blakstad
245
_a
Bridge : The Architectue Of Connection
260
_b
Birkhauser Publications, Basel
260
_c
2002
300
_a
192
999
_c
4587
_d
4587